Cities in Disputes #3 - Statistics

General Stats
  • This quiz has been taken 34 times
  • The average score is 9 of 20
Answer Stats
City Answer Type Answer % Correct
Gibraltar Claimed by Spain
100%
Gibraltar Administered by United Kingdom
100%
Melilla Claimed by Morocco
94%
Melilla Administered by Spain
94%
Kurilsk Administered by Russia
90%
Kurilsk Claimed by Japan
65%
Tskhinvali Claimed by Georgia
39%
Parachinar Administered by Pakistan
35%
Khankendi(Stepanakert) Claimed by Armenia
32%
Khankendi(Stepanakert) Administered by Azerbaijan
32%
Kyzyl Administered by Russia
32%
Tskhinvali Administered by South Ossetia
32%
Parachinar Claimed by Afghanistan
29%
Sansha Administered by P.R.China
26%
Hatay Administered by Turkey
26%
Sansha Claimed by Vietnam / R.O.China
26%
Hatay Claimed by Syria
23%
Abyei Claimed by South Sudan
19%
Abyei Administered by Sudan
19%
Kyzyl Claimed by R.O.China
13%
No matching quizzes found
Score Distribution
Percent of People with Each Score
Percentile by Number Answered
Your Score History
You have not taken this quiz